000 00493nam#a2200205#c#4500
003 IEF
005 20180219155523.0
008 950601s1976 uuu####fr####| 0||u| |u
040 _aIEF
245 _aAcceso al Mercado ComĂșn
260 _aPamplona
_b Eunsa
_c1976
300 _a505 p.
_c 18 cm
650 4 _aCOMUNIDAD ECONOMICA EUROPEA
_950223
650 4 _aESTUDIOS
_943582
650 4 _aEUROPA
_943946
650 4 _aINFLACION
_946815
942 _cLIB
942 _z58605
999 _c49388
_d49388